মৌলিক বংশগতিবিদ্যা / (Record no. 47629)
[ view plain ]
| 000 -LEADER | |
|---|---|
| fixed length control field | 00824nam a2200229 a 4500 |
| 001 - CONTROL NUMBER | |
| control field | 47629 |
| 003 - CONTROL NUMBER IDENTIFIER | |
| rucl marc code | BD-RjUL |
| 005 - DATE AND TIME OF LATEST TRANSACTION | |
| control field | 20211209054344.0 |
| 008 - FIXED-LENGTH DATA ELEMENTS--GENERAL INFORMATION | |
| fixed length control field | 160809r20021985bg ||||| |||| 00| 0 ben d |
| 020 ## - INTERNATIONAL STANDARD BOOK NUMBER | |
| International Standard Book Number | 9844122262 |
| Terms of availability | : Tk. 150.00 |
| 035 ## - SYSTEM CONTROL NUMBER | |
| System control number | (BD-RjUL)47748 |
| 040 ## - CATALOGING SOURCE | |
| Original cataloging agency | BD-RjUL |
| Language of cataloging | ben |
| Transcribing agency | BD-RjUL |
| 041 ## - LANGUAGE CODE | |
| Language code of text/sound track or separate title | ben |
| 082 ## - DEWEY DECIMAL CLASSIFICATION NUMBER | |
| Edition number | 23 |
| Classification number | 576.5 |
| Author mark and year | PAM 2002 |
| 100 1# - MAIN ENTRY--PERSONAL NAME | |
| Personal name | পাল, নিশীথ কুমার. |
| 9 (RLIN) | 119563 |
| 245 10 - TITLE STATEMENT | |
| Title | মৌলিক বংশগতিবিদ্যা / |
| Statement of responsibility, etc. | নিশীথ কুমার পাল |
| 260 ## - PUBLICATION, DISTRIBUTION, ETC. (IMPRINT) | |
| Place of publication, distribution, etc. | ঢাকা : |
| Name of publisher, distributor, etc. | অনন্যা, |
| Date of publication, distribution, etc. | ১৯৮৫ [মুদ্রণ ২০০২] |
| 300 ## - PHYSICAL DESCRIPTION | |
| Pagination | ২৩৫ পৃ. : |
| Illustrations | চিত্র ; |
| Size | ২২ সেমি. |
| 650 ## - SUBJECT ADDED ENTRY--TOPICAL TERM | |
| Topical term or geographic name as entry element | বংশগতিবিদ্যা |
| 9 (RLIN) | 137302 |
| Topical term or geographic name as entry element | Genetics |
| 9 (RLIN) | 117737 |
| 942 ## - ADDED ENTRY ELEMENTS (KOHA) | |
| Source of classification or shelving scheme | Dewey Decimal Classification |
| Koha item type | Books |
| Lost status | Source of classification or shelving scheme | Damaged status | Not for loan | Collection code | Permanent Location | Current Location | Shelving location | Date acquired | Source of acquisition | Cost, normal purchase price | Total Checkouts | Full call number | Date last seen | Copy number | Koha item type | Total Renewals | Date checked out |
|---|---|---|---|---|---|---|---|---|---|---|---|---|---|---|---|---|---|
| Dewey Decimal Classification | Non-fiction | Central Library, University of Rajshahi | Central Library, University of Rajshahi | 03/08/2002 | Nishith Kumar Pal, RU. | 235.00 | B 576.5 PAM 2002 | 09/08/2016 | C-2 | Books | |||||||
| Dewey Decimal Classification | Non-fiction | Central Library, University of Rajshahi | Central Library, University of Rajshahi | 03/08/2002 | Nishith Kumar Pal, RU. | 235.00 | B 576.5 PAM 2002 | 09/08/2016 | C-3 | Books | |||||||
| Dewey Decimal Classification | Non-fiction | Central Library, University of Rajshahi | Central Library, University of Rajshahi | 04/03/2004 | Gift | 2 | B 576.5 PAM 2002 | 18/09/2019 | C-4 | Books | 1 | 09/09/2019 | |||||
| Dewey Decimal Classification | Non-fiction | Central Library, University of Rajshahi | Central Library, University of Rajshahi | 03/08/2002 | Prof. Nishit Kumar | 235.00 | B 576.5 PAM 2002 | 22/11/2016 | C-5 | Books |